[Event "World Rapid Women 2019"]
[Site "Moscow RUS"]
[Date "2019.12.27"]
[Round "5.39"]
[White "Kovanova, Baira"]
[Black "Yakimova, Mariya"]
[Result "1/2-1/2"]
[WhiteTitle "WGM"]
[BlackTitle "WFM"]
[WhiteElo "2335"]
[BlackElo "2288"]
[WhiteFideId "4164083"]
[BlackFideId "34188859"]
[EventDate "2019.12.26"]

1. Nf3 Nf6 2. d4 g6 3. c4 Bg7 4. Bf4 O-O 5. h3 d6 6. e3 c5 7. Be2 Bf5 8. O-O Nc6
9. Nc3 Ne4 10. Na4 b6 11. d5 Ne5 12. Nxe5 dxe5 13. Bh2 Nd6 14. Nc3 a6 15. a4 g5
16. Qd2 Bg6 17. e4 h6 18. Bd3 Qd7 19. Rfe1 Rfc8 20. Qe2 Rab8 21. Bg3 Qc7 22. h4
b5 23. axb5 axb5 24. Nxb5 Nxb5 25. cxb5 c4 26. Bc2 Rxb5 27. Ba4 Rb4 28. hxg5 c3
29. bxc3 Rxe4 30. Qd2 Qxc3 31. Qxc3 Rxc3 32. gxh6 Rxg3 33. fxg3 Bxh6 34. Bc6 Kg7
35. Rxe4 Bxe4 36. Re1 f5 37. g4 Kf6 38. gxf5 Bxf5 39. Kf2 Bd2 40. Rf1 Kg5 41.
Rd1 Bb4 42. Rc1 Bd6 43. Rc3 e4 44. Bb5 Kf4 45. g3+ Ke5 46. Bc6 Kd4 47. Rb3 Ke5
48. Rc3 Kd4 1/2-1/2

[Event "World Rapid Women 2019"]
[Site "Moscow RUS"]
[Date "2019.12.27"]
[Round "5.40"]
[White "Ovezdurdiyeva, Jemal"]
[Black "Mikhaylova, Irina"]
[Result "0-1"]
[WhiteTitle "WFM"]
[BlackTitle "WGM"]
[WhiteElo "2061"]
[BlackElo "2288"]
[WhiteFideId "14001888"]
[BlackFideId "4109040"]
[EventDate "2019.12.26"]

1. d4 Nf6 2. c4 g6 3. Nc3 d5 4. Nf3 Bg7 5. Bf4 c5 6. e3 O-O 7. Be2 Nc6 8. O-O
cxd4 9. Nxd4 Nxd4 10. Qxd4 Ne4 11. Qxd5 Bxc3 12. Qxe4 Bxb2 13. Rad1 Qe8 14. Rd2
Bg7 15. Rfd1 e5 16. Bg3 f5 17. Qd5+ Qf7 18. Bxe5 Qxd5 19. Rxd5 Be6 20. Bxg7 Kxg7
21. Rd6 Kf6 22. Bf3 Ke7 23. Bxb7 Rab8 24. Ba6 Rb2 25. Rc6 Rxa2 26. g3 Rb8 27.
Bb5 Rb6 28. Rc7+ Kf6 29. Rxh7 a6 30. Bd7 Bxc4 31. f4 Bg8 32. Rh8 Kg7 33. Rh4 a5
34. Be8 Rbb2 35. Bc6 Rc2 36. Ba8 Be6 37. Rb1 Rab2 38. Ra1 a4 39. e4 a3 40. exf5
Bxf5 41. Bd5 a2 42. Bxa2 Rxa2 43. Rxa2 Rxa2 44. g4 Be4 45. g5 Kf7 46. Rh7+ Ke6
47. Kf1 Kf5 48. Rh4 Bg2+ 49. Kg1 Bf3 50. Kf1 Bg4 51. Kg1 Rb2 52. Kf1 Bf3 53. Rh6
Bh5 54. Rh7 Kxf4 55. h4 Kg4 0-1

[Event "World Rapid Women 2019"]
[Site "Moscow RUS"]
[Date "2019.12.27"]
[Round "5.41"]
[White "Tomilova, Elena"]
[Black "Guseva, Marina"]
[Result "1-0"]
[WhiteTitle "WGM"]
[BlackTitle "IM"]
[WhiteElo "2341"]
[BlackElo "2373"]
[WhiteFideId "4162340"]
[BlackFideId "4149351"]
[EventDate "2019.12.26"]

1. e4 c5 2. Nf3 d6 3. d4 cxd4 4. Qxd4 a6 5. h3 Nc6 6. Qe3 g6 7. Be2 Bg7 8. O-O
Nf6 9. Rd1 Bd7 10. c4 O-O 11. Nc3 Rc8 12. Rb1 Qc7 13. Bd2 Qb8 14. Qf4 Ne5 15.
Nxe5 dxe5 16. Qh4 Be6 17. Nd5 Bxd5 18. exd5 e4 19. Bf4 Qa7 20. Be3 Qb8 21. Rbc1
Qe5 22. Bd4 Qf5 23. Bg4 Nxg4 24. hxg4 Qd7 25. Bxg7 Kxg7 26. g5 Qf5 27. Re1 e6
28. d6 Rfd8 29. Rcd1 Rc5 30. Qxe4 Qxe4 31. Rxe4 Rxg5 32. b4 Kf8 33. f4 Rg3 34.
c5 Ra3 35. Rd2 Ke8 36. Kf2 Kd7 37. Re3 Ra4 38. a3 Rc8 39. Rh3 h5 40. Rc3 Rc6 41.
Rdd3 Rc8 42. g3 a5 43. b5 Re4 44. c6+ bxc6 45. bxc6+ Kd8 46. d7 Rc7 47. Rb3 1-0

[Event "World Rapid Women 2019"]
[Site "Moscow RUS"]
[Date "2019.12.27"]
[Round "5.42"]
[White "Bivol, Alina"]
[Black "Barchuk, Irina"]
[Result "1-0"]
[WhiteTitle "WGM"]
[WhiteElo "2374"]
[BlackElo "2121"]
[WhiteFideId "4100123"]
[BlackFideId "14119005"]
[EventDate "2019.12.26"]

1. c4 g6 2. g3 Bg7 3. Bg2 Nf6 4. Nf3 O-O 5. d4 d6 6. O-O Nc6 7. Nc3 Bf5 8. Nh4
Bd7 9. e4 e5 10. d5 Nd4 11. h3 c5 12. dxc6 bxc6 13. Kh2 Be6 14. b3 d5 15. exd5
cxd5 16. f4 Rc8 17. fxe5 Nd7 18. Nxd5 Bxe5 19. Bf4 Bg7 20. Be3 Nf5 21. Nxf5 Bxf5
22. Rc1 Re8 23. Qd2 Nb6 24. Rce1 Qd7 25. Bg5 Nxd5 26. Bxd5 Rxe1 27. Rxe1 Bf8 28.
g4 Qc7+ 29. Bf4 Bd6 30. Bxf7+ Qxf7 31. Qxd6 Re8 32. Rxe8+ Qxe8 33. Be5 Be6 34.
Kg3 h5 35. c5 hxg4 36. hxg4 Qc8 37. Qe7 Qd7 38. Qf6 Bf5 39. Qh8+ Kf7 40. Qg7+
Ke8 41. Qg8+ Ke7 42. Bd6+ 1-0

[Event "World Rapid Women 2019"]
[Site "Moscow RUS"]
[Date "2019.12.27"]
[Round "5.43"]
[White "Mammadzada, Gunay"]
[Black "Injac, Teodora"]
[Result "1-0"]
[WhiteTitle "IM"]
[BlackTitle "WIM"]
[WhiteElo "2455"]
[BlackElo "2284"]
[WhiteFideId "13403729"]
[BlackFideId "932400"]
[EventDate "2019.12.26"]

1. e4 c5 2. Nf3 d6 3. d4 cxd4 4. Nxd4 Nf6 5. Nc3 a6 6. h3 g6 7. Be3 Bg7 8. g4
O-O 9. g5 Nfd7 10. Qd2 b5 11. O-O-O Bb7 12. h4 b4 13. Nd5 a5 14. Nb5 Na6 15. Bd4
Ne5 16. Qe3 Bxd5 17. exd5 Qc8 18. f4 Ng4 19. Qf3 h5 20. gxh6 Nxh6 21. h5 Qg4 22.
Qf2 Nf5 23. hxg6 Nxd4 24. Nxd4 Nc5 25. Bh3 Qxg6 26. Nf5 Ne4 27. Nxe7+ Kh7 28.
Bf5+ Bh6 29. Bxg6+ fxg6 30. Qh4 1-0

[Event "World Rapid Women 2019"]
[Site "Moscow RUS"]
[Date "2019.12.27"]
[Round "5.44"]
[White "Doluhanova, Evgeniya"]
[Black "Nilssen, Ellen Fredericia"]
[Result "1-0"]
[WhiteTitle "WGM"]
[BlackTitle "WFM"]
[WhiteElo "2293"]
[BlackElo "2000"]
[WhiteFideId "14112035"]
[BlackFideId "1441230"]
[EventDate "2019.12.26"]

1. Nf3 Nf6 2. b3 g6 3. Bb2 d5 4. d3 Bg7 5. Nbd2 O-O 6. e4 dxe4 7. dxe4 b6 8. Bd3
Na6 9. Bc4 Nc5 10. Qe2 a6 11. e5 Nh5 12. O-O-O Qe8 13. Qe3 Bh8 14. h3 Ng7 15. g4
Nge6 16. h4 b5 17. Bxe6 Nxe6 18. h5 Bb7 19. Rh3 Rd8 20. Ng5 Nxg5 21. Qxg5 f6 22.
exf6 exf6 23. Qf4 Qf7 24. hxg6 hxg6 25. g5 Qe6 26. Qh4 Kf7 27. Qh7+ Ke8 28. Re3
Qxe3 29. fxe3 Rd7 30. Qxg6+ Kd8 31. Bxf6+ Bxf6 32. gxf6 Kc8 33. e4 Kb8 34. e5
Bd5 35. Ne4 Rfd8 36. Nc5 Rf7 37. Rxd5 1-0

[Event "World Rapid Women 2019"]
[Site "Moscow RUS"]
[Date "2019.12.27"]
[Round "5.45"]
[White "Shafigullina, Zarina"]
[Black "Munkhzul, Turmunkh"]
[Result "1-0"]
[WhiteTitle "WFM"]
[BlackTitle "WIM"]
[WhiteElo "2269"]
[BlackElo "2278"]
[WhiteFideId "24174220"]
[BlackFideId "4901878"]
[EventDate "2019.12.26"]

1. d4 Nf6 2. Nf3 g6 3. g3 Bg7 4. Bg2 O-O 5. O-O d6 6. c4 Nbd7 7. Nc3 e5 8. e4
exd4 9. Nxd4 Re8 10. Re1 Nc5 11. h3 a5 12. Ndb5 Bd7 13. Qc2 Bc6 14. f3 Nfd7 15.
Be3 b6 16. Nd5 Ne6 17. f4 Bxb5 18. cxb5 Rc8 19. Rad1 Nf6 20. e5 dxe5 21. Nb4 Nd4
22. Bxd4 exd4 23. Nc6 Qd6 24. Re5 Nh5 25. Rxd4 Qf8 26. Rd7 Bxe5 27. fxe5 Ng7 28.
Bd5 Ne6 29. Qf2 Rcd8 30. Bxe6 Rxd7 31. Bxd7 Ra8 32. a4 Qg7 33. Qf6 h5 34. h4 Rf8
35. Kg2 Qh6 36. Qf4 Qg7 37. Qf6 Qh6 38. Qf4 Qg7 39. Kf3 Kh7 40. Ke3 Rg8 41. Qf6
Qf8 42. Ne7 Qh6+ 43. Qf4 Rd8 44. Qxh6+ Kxh6 45. Bc6 Kg7 46. Nd5 Rc8 47. Kf4 Kf8
48. Kg5 Kg7 49. b3 Rd8 50. Nxc7 Rd4 51. Bf3 Rd3 52. Kf4 Rd4+ 53. Be4 Rd8 54. Nd5
Rb8 55. b4 axb4 56. Nxb4 f6 57. e6 Re8 58. Bd5 Kf8 59. Nc6 Ra8 60. a5 bxa5 61.
b6 1-0

[Event "World Rapid Women 2019"]
[Site "Moscow RUS"]
[Date "2019.12.27"]
[Round "5.46"]
[White "Antova, Gabriela"]
[Black "Semenova, Elena1"]
[Result "1-0"]
[WhiteTitle "FM"]
[BlackTitle "WIM"]
[WhiteElo "2314"]
[BlackElo "2290"]
[WhiteFideId "2915235"]
[BlackFideId "24125148"]
[EventDate "2019.12.26"]

1. e4 e5 2. Nf3 Nc6 3. Bb5 a6 4. Ba4 Nf6 5. O-O b5 6. Bb3 Bc5 7. c3 d6 8. a4 Bg4
9. h3 Bh5 10. axb5 axb5 11. Rxa8 Qxa8 12. Qe2 O-O 13. Na3 Na5 14. Bc2 b4 15. Nb5
b3 16. Bb1 Qb7 17. d4 Bb6 18. dxe5 dxe5 19. Bg5 Nd7 20. Rd1 Nc5 21. Na3 Ne6 22.
Be3 f6 23. Rd5 Bf7 24. Rd7 Qc6 25. Rd1 Rd8 26. Rxd8+ Nxd8 27. Nh4 g6 28. Bd3
Ndb7 29. Bxb6 cxb6 30. Bb5 Qc5 31. Nf3 Nd6 32. Bd3 Ndc4 33. Nxc4 Bxc4 34. Nd2 b5
35. Bxc4+ bxc4 36. Nf1 Nb7 37. Ne3 Nd6 38. f3 f5 39. Kh2 f4 40. Nd5 Kf7 41. Qe1
g5 42. h4 h6 43. g3 Ke6 44. Kh3 Qc8 45. gxf4 exf4 46. Qg1 Nf7 47. Qg4+ 1-0

[Event "World Rapid Women 2019"]
[Site "Moscow RUS"]
[Date "2019.12.27"]
[Round "5.47"]
[White "Muetsch, Annmarie"]
[Black "Paramzina, Anastasya"]
[Result "1/2-1/2"]
[WhiteTitle "WIM"]
[BlackTitle "WGM"]
[WhiteElo "2227"]
[BlackElo "2224"]
[WhiteFideId "12971367"]
[BlackFideId "4165012"]
[EventDate "2019.12.26"]

1. e4 c5 2. Nf3 e6 3. d4 cxd4 4. Nxd4 Nf6 5. Nc3 d6 6. Be3 a6 7. g4 h6 8. Qe2
Nc6 9. O-O-O Qc7 10. h3 g5 11. h4 Rg8 12. hxg5 hxg5 13. f3 Be7 14. Kb1 Nd7 15.
Qf2 Nde5 16. Be2 b5 17. Nxc6 Qxc6 18. Rc1 b4 19. Nd1 Nc4 20. c3 Nxe3 21. Qxe3
Qb7 22. cxb4 Qxb4 23. Rc4 Qb7 24. Qc3 Bd7 25. Rc7 Qb6 26. Ne3 Rb8 27. Rc1 Bf8
28. b3 Bg7 29. Qd2 Ke7 30. R7c2 Qd4 31. Qxd4 Bxd4 32. Nc4 f5 33. exf5 exf5 34.
Rd1 Bc5 35. Rcd2 fxg4 36. fxg4 Rg6 37. Ne5 Re6 38. Nxd7 Kxd7 39. Bxa6 Re4 40.
Bd3 Rf4 41. Bf5+ Kc7 42. Re2 Rh8 43. Red2 Re8 44. Kb2 Ra8 45. Rc2 Kb6 46. Rcd2
Ba3+ 47. Kb1 Ra7 48. Rc2 Re7 49. Rcd2 Rf3 50. Rh1 Rg3 51. Rhd1 Rc7 52. Rc2 Rgc3
53. Rxc3 Rxc3 54. Bc2 Kc5 55. Rd3 Rxd3 56. Bxd3 Kd4 57. Kc2 d5 58. Bf5 1/2-1/2

[Event "World Rapid Women 2019"]
[Site "Moscow RUS"]
[Date "2019.12.27"]
[Round "5.48"]
[White "Mamedjarova, Zeinab"]
[Black "Komiagina, Maria"]
[Result "1-0"]
[WhiteTitle "WGM"]
[BlackTitle "WIM"]
[WhiteElo "2278"]
[BlackElo "2233"]
[WhiteFideId "13401521"]
[BlackFideId "4153987"]
[EventDate "2019.12.26"]

1. d4 Nf6 2. c4 e6 3. Nf3 d5 4. e3 a6 5. Nc3 Nbd7 6. a3 Be7 7. Bd3 dxc4 8. Bxc4
b5 9. Bd3 Bb7 10. O-O c5 11. Qe2 Qb6 12. Rd1 O-O 13. Bd2 Rfd8 14. a4 c4 15. Bc2
b4 16. a5 Qc7 17. Na4 Ne4 18. Be1 Rac8 19. Rdc1 Bd5 20. Nd2 Nxd2 21. Bxd2 Qb7
22. e4 Bc6 23. d5 Bxa4 24. Bxa4 Ne5 25. dxe6 fxe6 26. Bc2 Bf6 27. Be3 Nd7 28.
Rab1 Qb5 29. b3 Qxa5 30. bxc4 Nc5 31. e5 Bxe5 32. Qh5 Nd3 33. Rd1 g6 34. Qg5 Nb2
35. Rxb2 Rxd1+ 36. Bxd1 Qa1 37. Rd2 b3 38. Qe7 b2 39. Qxe6+ 1-0

[Event "World Rapid Women 2019"]
[Site "Moscow RUS"]
[Date "2019.12.27"]
[Round "5.49"]
[White "Hejazipour, Mitra"]
[Black "Nosacheva, Mariya"]
[Result "1-0"]
[WhiteTitle "WGM"]
[BlackTitle "WFM"]
[WhiteElo "2277"]
[BlackElo "2243"]
[WhiteFideId "12505951"]
[BlackFideId "34111422"]
[EventDate "2019.12.26"]

1. d4 Nf6 2. c4 g6 3. Nc3 Bg7 4. e4 d6 5. h3 Na6 6. Be3 O-O 7. Nf3 c5 8. Be2
cxd4 9. Nxd4 b6 10. O-O Bb7 11. Bf3 Rc8 12. b3 Nc5 13. Qc2 a6 14. a4 e6 15. Rfd1
Qc7 16. Rac1 Qb8 17. Qb1 Qa8 18. Nde2 Nfxe4 19. Nxe4 Nxe4 20. Bxb6 Nc5 21. Bxb7
Qxb7 22. a5 Be5 23. f4 Bf6 24. Rxd6 Qb8 25. Rcd1 Be7 26. R6d2 e5 27. f5 e4 28.
Rd5 Rfe8 29. fxg6 hxg6 30. Rf1 Bf8 31. b4 Na4 32. c5 Bg7 33. Rd7 Nxb6 34. axb6
f5 35. Qb3+ Kh7 36. Qf7 Rg8 37. Nf4 Rc6 38. Ne6 Rxe6 39. Qxe6 Qg3 40. b7 e3 41.
Qxg8+ Kxg8 42. Rd8+ Kf7 43. b8=Q Be5 44. Rxf5+ gxf5 45. Rf8+ Ke6 46. Re8+ Kd5
47. Qxe5+ Qxe5 48. Rxe5+ Kxe5 49. Kf1 Kd4 50. Ke2 1-0

[Event "World Rapid Women 2019"]
[Site "Moscow RUS"]
[Date "2019.12.27"]
[Round "5.50"]
[White "Diakonova, Ekaterina"]
[Black "Geller, Anastasiya"]
[Result "0-1"]
[BlackTitle "WFM"]
[WhiteElo "2218"]
[BlackElo "2161"]
[WhiteFideId "24172936"]
[BlackFideId "24119059"]
[EventDate "2019.12.26"]

1. e4 d5 2. exd5 Qxd5 3. Nf3 Nf6 4. Nc3 Qa5 5. g3 g6 6. Bg2 Bg7 7. O-O O-O 8.
Re1 Re8 9. d4 c6 10. Bf4 Bf5 11. h3 Na6 12. g4 Bd7 13. Ne5 Be6 14. Bd2 Qb6 15.
Be3 Qxb2 16. Qd2 Rab8 17. f4 Nd5 18. Nxd5 Bxd5 19. Bxd5 cxd5 20. Reb1 Qa3 21.
Nd7 Rbc8 22. Rxb7 Nc7 23. Nc5 Ne6 24. Rb3 Nxd4 25. Rxa3 Nf3+ 26. Kg2 Nxd2 27.
Rd1 Nc4 28. Rad3 Nxe3+ 29. Rxe3 Rxc5 30. Rd2 e6 31. Ra3 Re7 32. h4 Rec7 33. Kf1
Rc4 34. Rf2 Bd4 35. Re2 Rxc2 36. f5 Rxe2 37. Kxe2 gxf5 38. gxf5 Kg7 0-1

[Event "World Rapid Women 2019"]
[Site "Moscow RUS"]
[Date "2019.12.27"]
[Round "5.51"]
[White "Zhuravleva, Olga"]
[Black "Balaian, Alina"]
[Result "0-1"]
[WhiteTitle "WIM"]
[BlackTitle "WIM"]
[WhiteElo "2278"]
[BlackElo "2243"]
[WhiteFideId "4145933"]
[BlackFideId "24115347"]
[EventDate "2019.12.26"]

1. e4 e6 2. d4 d5 3. Nd2 Nf6 4. e5 Nfd7 5. Bd3 c5 6. c3 Nc6 7. Ne2 cxd4 8. cxd4
f6 9. exf6 Nxf6 10. O-O Bd6 11. Nf3 Qc7 12. Ng3 O-O 13. Bg5 g6 14. Rc1 Qg7 15.
Bb5 Bd7 16. Bxc6 Bxc6 17. Qd2 Qc7 18. Bh6 Rfe8 19. Rfe1 Ng4 20. Bg5 Rac8 21. a3
a5 22. Nf1 Qg7 23. h3 Nf6 24. Qxa5 Ne4 25. Be3 Ra8 26. Qb6 Ba4 27. Rc5 Ra6 28.
Qb4 b6 29. Rec1 bxc5 30. dxc5 Bc7 0-1

[Event "World Rapid Women 2019"]
[Site "Moscow RUS"]
[Date "2019.12.27"]
[Round "5.52"]
[White "Protopopova, Anastasiya"]
[Black "Potapova, Margarita"]
[Result "1-0"]
[WhiteTitle "WFM"]
[BlackTitle "WFM"]
[WhiteElo "2230"]
[BlackElo "2307"]
[WhiteFideId "24172073"]
[BlackFideId "14126869"]
[EventDate "2019.12.26"]

1. Nf3 Nf6 2. c4 e6 3. g3 b6 4. Bg2 Bb7 5. O-O Be7 6. Nc3 O-O 7. Re1 d5 8. cxd5
Nxd5 9. e4 Nxc3 10. bxc3 Nc6 11. d4 Na5 12. Ne5 c5 13. d5 Bf6 14. Bf4 g5 15. Qg4
Kh8 16. dxe6 gxf4 17. Nxf7+ Rxf7 18. exf7 Bxc3 19. Rad1 Qf8 20. Qxf4 Nc6 21. e5
Qe7 22. Rd7 Qf8 23. Qf6+ Qg7 24. f8=Q+ 1-0

[Event "World Rapid Women 2019"]
[Site "Moscow RUS"]
[Date "2019.12.27"]
[Round "5.53"]
[White "Belenkaya, Dina"]
[Black "Garifullina, Leya"]
[Result "0-1"]
[WhiteTitle "WGM"]
[BlackTitle "WIM"]
[WhiteElo "2298"]
[BlackElo "2308"]
[WhiteFideId "24142654"]
[BlackFideId "34127035"]
[EventDate "2019.12.26"]

1. e4 c5 2. Nc3 d6 3. g3 Nc6 4. Bg2 g6 5. d3 Bg7 6. Nge2 Nf6 7. O-O O-O 8. h3
Rb8 9. Be3 b5 10. Qd2 b4 11. Nd5 Nd7 12. Bh6 Bxh6 13. Qxh6 e6 14. Ne3 Qf6 15.
Nc4 Ba6 16. b3 Bxc4 17. bxc4 Qg7 18. Qd2 Nd4 19. f4 a5 20. Kh2 f5 21. Rae1 Rbe8
22. Rf2 Kh8 23. Nxd4 cxd4 24. Rfe2 fxe4 25. Bxe4 Nc5 26. Bc6 Rc8 27. Bg2 Rf6 28.
Qc1 Rcf8 29. Qb2 R6f7 30. a3 b3 31. h4 Rb8 32. Bh3 Na4 33. Qc1 b2 34. Qd2 b1=Q
35. Rxb1 Rxb1 36. Qxa5 Nc5 37. Bxe6 Nxe6 38. Rxe6 Rf8 39. Rxd6 Qe7 40. Qe5+ Qxe5
41. fxe5 Re1 42. Rxd4 Rxe5 43. Kh3 Re2 44. a4 Rxc2 45. a5 Ra8 46. Rd5 Ra2 47. d4
R2xa5 48. c5 Rc8 49. Kg4 Kg7 50. Kf4 Kf6 51. Rd6+ Ke7 52. Ke5 Ra1 53. Re6+ Kd7
54. Kd5 Rd1 55. c6+ Kc7 56. Re7+ Kb6 57. Rb7+ Ka6 58. Rxh7 Rc1 59. h5 gxh5 60.
Rh6 Kb6 61. Rxh5 R1xc6 62. g4 Rg6 63. g5 Rcg8 64. Rh1 Rxg5+ 65. Kc4 Rd8 66. Rh4
Rdg8 67. Rh6+ R8g6 68. Rh8 Rg4 69. Rb8+ Kc7 70. Ra8 Rd6 71. Ra7+ Kb6 72. Re7
Rdxd4+ 0-1

[Event "World Rapid Women 2019"]
[Site "Moscow RUS"]
[Date "2019.12.27"]
[Round "5.54"]
[White "Fominykh, Maria"]
[Black "Enkhtuul, Altan-Ulzii"]
[Result "1-0"]
[WhiteTitle "WGM"]
[BlackTitle "WGM"]
[WhiteElo "2206"]
[BlackElo "2200"]
[WhiteFideId "4142411"]
[BlackFideId "4901444"]
[EventDate "2019.12.26"]

1. Nf3 Nf6 2. g3 b6 3. Bg2 Bb7 4. O-O e6 5. d3 Be7 6. e4 d6 7. a4 a6 8. Nc3 O-O
9. Qe2 Nbd7 10. Ne1 Rb8 11. f4 c5 12. Kh1 Ne8 13. Nf3 Nc7 14. Bd2 b5 15. Nd1 Bf6
16. c3 Re8 17. d4 cxd4 18. cxd4 bxa4 19. Ba5 Rc8 20. Nc3 Bc6 21. Rfc1 Nb8 22.
Nxa4 Bxa4 23. Rxa4 Qd7 24. Rac4 Nb5 25. e5 Rxc4 26. Qxc4 d5 27. Qc2 Bd8 28. Bb4
Bb6 29. Bc5 Rc8 30. b4 a5 31. Qb2 Bxc5 32. Rxc5 axb4 33. Qxb4 Rxc5 34. dxc5 Na6
35. Qa4 Nac7 36. Nd4 Qe8 37. Nb3 h6 38. Na5 Qe7 39. Nb7 Nc3 40. Qa5 d4 41. Nd6
N7d5 42. Bf1 Qc7 43. Qa8+ Kh7 44. Bd3+ g6 45. Qf8 Qe7 46. Qa8 Nc7 47. Qb7 N3d5
48. c6 Kg7 49. Qa7 h5 50. Qxd4 h4 51. Kg2 hxg3 52. hxg3 Qd8 53. Qa7 g5 54. Be4
Nb4 55. Qxc7 Qxc7 56. Ne8+ Kf8 57. Nxc7 gxf4 58. gxf4 Ke7 59. Nb5 f6 60. c7 Kd7
61. Bb7 1-0

[Event "World Rapid Women 2019"]
[Site "Moscow RUS"]
[Date "2019.12.27"]
[Round "5.55"]
[White "Bulatova, Kamaliya"]
[Black "Gvanceladze, Anna"]
[Result "1/2-1/2"]
[WhiteTitle "WFM"]
[BlackTitle "WFM"]
[WhiteElo "2143"]
[BlackElo "2270"]
[WhiteFideId "34111546"]
[BlackFideId "4113721"]
[EventDate "2019.12.26"]

1. Nf3 d5 2. b3 Nf6 3. Bb2 c6 4. e3 Bf5 5. d4 e6 6. Nbd2 Nbd7 7. Be2 h6 8. O-O
Be7 9. Ne5 Nxe5 10. dxe5 Nd7 11. Bd3 Bxd3 12. cxd3 Qc7 13. d4 O-O-O 14. a3 f5
15. b4 Kb8 16. Qb3 g5 17. a4 h5 18. b5 Rc8 19. a5 c5 20. Qa4 c4 21. b6 Qc6 22.
bxa7+ Kxa7 23. Bc3 Qxa4 24. Rxa4 Rc6 25. Rb1 Ra8 26. Ra2 Kb8 27. Rb5 Kc8 28. h3
Rca6 29. g4 hxg4 30. hxg4 fxg4 31. e4 dxe4 32. Nxe4 b6 33. Kg2 bxa5 34. Raxa5
Rxa5 35. Rxa5 Rxa5 36. Bxa5 Kb7 37. Bd2 Kc6 38. Be3 Bb4 39. Nxg5 Kd5 40. f3
gxf3+ 41. Nxf3 c3 42. Kf2 c2 43. Ke2 Ba3 44. Kd3 c1=Q 45. Bxc1 Bxc1 46. Ng1 Nb6
47. Ne2 Bh6 48. Nc3+ Kc6 49. Ne4 Na4 50. Nf6 Bg5 51. Ne4 Be7 52. Kc4 Nb6+ 53.
Kd3 Kb5 54. Nc3+ Kb4 55. Na2+ Kb3 56. Nc1+ Kb2 57. Ne2 Nd5 58. Kc4 Kc2 59. Ng1
Kd2 60. Nf3+ Ke3 61. Ne1 Nb6+ 62. Kb5 Nd5 63. Kc4 Ke4 64. Nc2 Bf8 65. Na1 Ne3+
66. Kc3 Be7 67. Nb3 Ba3 68. Nd2+ Kd5 69. Kd3 Nf5 70. Nc4 Be7 71. Nb6+ Kc6 72.
Nc4 Kb5 73. Nd2 Kc6 74. Ke4 Bd8 75. d5+ Kd7 76. dxe6+ Kxe6 77. Nf3 1/2-1/2

[Event "World Rapid Women 2019"]
[Site "Moscow RUS"]
[Date "2019.12.27"]
[Round "5.56"]
[White "Gevorgyan, Maria"]
[Black "Bogumil, Tatiana"]
[Result "0-1"]
[WhiteTitle "WGM"]
[BlackTitle "WGM"]
[WhiteElo "2255"]
[BlackElo "2182"]
[WhiteFideId "13300270"]
[BlackFideId "4110579"]
[EventDate "2019.12.26"]

1. e4 c5 2. Nc3 Nc6 3. Bb5 Nd4 4. Nf3 Nxb5 5. Nxb5 a6 6. Nc3 d6 7. d4 cxd4 8.
Qxd4 e5 9. Qd3 h6 10. Be3 Nf6 11. h3 Be6 12. O-O Be7 13. Nd2 Qc7 14. a4 b6 15.
f4 exf4 16. Bxf4 Nd7 17. Nd5 Bxd5 18. exd5 Ne5 19. Bxe5 dxe5 20. Rae1 O-O 21.
Nc4 Bc5+ 22. Kh1 f6 23. c3 b5 24. axb5 axb5 25. Nd2 Qb6 26. Ne4 Rf7 27. b4 Bf8
28. Ng3 Rd8 29. Nf5 Rfd7 30. Ne3 Rc8 31. Rf3 e4 32. Qxe4 Rxc3 33. Nf5 Rxf3 34.
Qxf3 Qb7 35. Rd1 g6 36. Ne3 Kg7 37. Ng4 Rd6 38. Ne3 Kh7 39. Qe4 Bg7 40. Rc1 Qa7
41. h4 h5 42. Qd3 Qe7 43. Rf1 f5 44. Rf3 Qxh4+ 45. Rh3 Qe1+ 46. Nf1 Qe5 47. Qxb5
Rxd5 48. Qc4 Rd1 49. Rf3 Rd4 50. Qc5 Qxc5 51. bxc5 Rc4 52. Rd3 Rxc5 53. Kg1 Rc1
54. Kf2 Kh6 55. Nd2 Rc2 56. Rd7 Bc3 0-1

[Event "World Rapid Women 2019"]
[Site "Moscow RUS"]
[Date "2019.12.27"]
[Round "5.57"]
[White "Tsogzolmaa, Nanjid"]
[Black "Guindy, Esmat Susanne"]
[Result "1-0"]
[BlackTitle "WFM"]
[WhiteElo "1884"]
[BlackElo "2120"]
[WhiteFideId "4903099"]
[BlackFideId "1401637"]
[EventDate "2019.12.26"]

1. d4 d5 2. Nf3 Bf5 3. Bf4 e6 4. e3 Nf6 5. c4 c6 6. Nc3 Nbd7 7. Qb3 Qb6 8. c5
Qxb3 9. axb3 a6 10. b4 Rc8 11. Nd2 Be7 12. h3 h6 13. Nb3 Bd8 14. Bd6 Bc7 15.
Bxc7 Rxc7 16. b5 O-O 17. bxa6 bxa6 18. Bxa6 Rb8 19. Ra3 Ra7 20. O-O Rxb3 21.
Rxb3 Rxa6 22. Rb7 Kf8 23. b4 Bd3 24. Rd1 Bc4 25. Rb1 Ke8 26. f4 Ra3 27. b5 Rxc3
28. bxc6 Nxc5 29. Rb8+ Ke7 30. dxc5 Ba6 31. Ra8 Rxc5 32. Rxa6 Kd6 33. Rb7 Ne8
34. Rxf7 Nc7 1-0

[Event "World Rapid Women 2019"]
[Site "Moscow RUS"]
[Date "2019.12.27"]
[Round "5.58"]
[White "Gansvind, Valeriya I."]
[Black "Solozhenkina, Elizaveta"]
[Result "0-1"]
[WhiteTitle "WFM"]
[BlackTitle "WIM"]
[WhiteElo "2081"]
[BlackElo "2329"]
[WhiteFideId "4109821"]
[BlackFideId "34106615"]
[EventDate "2019.12.26"]

1. d4 e6 2. g3 Nf6 3. Bg2 d5 4. b3 Bb4+ 5. c3 Be7 6. Bb2 a5 7. Nd2 c5 8. Ngf3
O-O 9. O-O a4 10. Ne5 a3 11. Bc1 cxd4 12. cxd4 Nc6 13. Nxc6 bxc6 14. Nf3 c5 15.
Be3 Ng4 16. Bf4 cxd4 17. h3 Nf6 18. Nxd4 Bb7 19. Rc1 Qb6 20. Be3 Qa6 21. Nf3 Ne4
22. Bd4 f6 23. Nd2 Rfd8 24. e3 e5 25. Ba1 Nc5 26. Nf3 Rac8 27. Nh4 g6 28. Qg4
Kf7 29. Rfd1 Qe6 30. Qxe6+ Nxe6 31. Nf3 Bb4 32. h4 Ke7 33. Ne1 Rxc1 34. Rxc1 Bd2
35. Rd1 Bxe1 36. Rxe1 Rc8 37. f4 e4 38. Bh3 f5 39. Be5 Rc2 40. Ra1 h5 41. Bf1
Nc5 42. b4 Nd3 43. b5 Nxe5 44. fxe5 Ke6 45. b6 Rb2 46. Rc1 Rxb6 47. Rc3 Kxe5 48.
Rxa3 Rb1 49. Ra7 Bc6 50. Kf2 Rb2+ 51. Kg1 d4 52. Ra5+ Kd6 53. exd4 e3 54. Re5
Be4 55. a4 e2 56. Bxe2 Rxe2 57. Ra5 Rg2+ 58. Kf1 Rxg3 59. Ra7 Kd5 60. Rd7+ Kc4
61. a5 Ra3 62. Rd6 Rxa5 63. Rxg6 Kxd4 64. Rg5 Bf3 65. Kf2 Ke4 66. Rg8 Ra2+ 67.
Ke1 Ke3 68. Re8+ Be4 69. Kd1 Ra1# 0-1